| 000 | 00383 a2200145 4500 | ||
|---|---|---|---|
| 999 |
_c300113 _d300113 |
||
| 001 | 65040 | ||
| 003 | NUST | ||
| 005 | 20180119105505.0 | ||
| 008 | 180119b xxu||||| |||| 00| 0 eng d | ||
| 082 | _a629.1323 AND | ||
| 100 |
_aAnderson, John _99059 |
||
| 245 |
_aFundamentals of Aerodynamics _cJohn D. Anderson Jr. |
||
| 250 | _a1 | ||
| 260 |
_aNew York _bMcGraw Hill _c1984 |
||
| 300 |
_axi, 565p. _bPhotocopy |
||
| 500 | _aBE textbook Aerospace | ||
| 942 |
_aNUST-CAE _cBK _k629.1323 AND _2ddc |
||